| 000 | 00850 a2200217 4500 | ||
|---|---|---|---|
| 999 |
_c1338 _d1338 |
||
| 020 | _a0312631464 (St. Martin's Press) | ||
| 050 | 0 | 0 | _aHB3662.5 ANK 1983 |
| 100 | 1 |
_aAnker, Richard, _d1943- _eauthor |
|
| 245 | 1 | 0 |
_aPopulation growth, employment, and economic-demographic interactions in Kenya, Bachue-Kenya / _c Richard Anker and James C. Knowles. |
| 264 |
_aNew York _b St. Martin's Press _c1983 |
||
| 300 |
_a 735 p. : _bill. |
||
| 500 | _a"A study prepared for the International Labour Office within the framework of the World Employment Programme." | ||
| 500 | _aIncludes index. | ||
| 504 | _aIncludes bibliographical references | ||
| 650 | 0 |
_aLabor supply _xMathematical models. |
|
| 651 | 0 | _aKenya | |
| 651 | 0 | _aKenya | |
| 700 | 1 |
_aKnowles, James C. _eauthor |
|
| 710 | 2 | _aInternational Labour Office. | |
| 942 |
_2lcc _cBK _h3662.5 _iANK _k1983 |
||